| 000 | 00446cam a2200181ua 4500 | ||
|---|---|---|---|
| 001 | 5749 | ||
| 008 | 131009n ii |||gr||||Z||||||eng | ||
| 020 | _a978-81-89487-25-6 | ||
| 040 | _cMAIN | ||
| 082 | _a954 | ||
| 100 | 1 |
_aHabib,Irfan, _eEditor. |
|
| 245 | 1 | 1 | _aReligion in Indian History |
| 260 |
_aNew Delhi: _bTulika Books, _c2007. |
||
| 300 | _axi,286p. | ||
| 653 | _aSouth Asia India | ||
| 653 | _aReligion In Indian History | ||
| 942 | _cBK | ||
| 999 |
_c4907 _d4907 |
||